00681 2200205 4500001002100000005001700021008004100038035002400079040001200103082001500115090002000130100002000150245017200170260002600342300002700368500002700395650002300422850001200445990001800457INLIS00000000002277520160919103132.0  0010-091600000000547 aYOPDYOG 223a381.18 aSK 381.18 Nur F aNURHANAFIANSYAH aFaktor-faktor yang mempengaruhi pendapatan pedagang kaki lima yang membuka usaha makanan dan minuman pada malam hari di jalan utama utara Yogyakartac/ Nurhanafiansyah aYogyakartabUGMc1994 axii, 82 hlm.c; 30 cm. aSkripsi UGM Yogyakarta aPedagang kaki lima aYOPDYOG a33627-PD/A.08